000 00724nam a2200241Ia 4500
003 OSt
005 20220918221837.0
006 a|||||r|||| 00| 0
007 ta
008 220917b |||||||| |||| 00| 0 eng d
024 _a209,585
037 _cTextual
040 _aARTS
_cARTS
_beng
041 _2eng
_aeng
082 _aQ6:3:(G:66), P1
100 _aPennock Robert T. Ed.
_9141553
245 0 _aIntelligent design creationism and its critics
_bPhilosophical, theological, and scientific perspetives
260 _aCambridge
_bBradford Book UK
_c2001
300 _axx, 805 p
_ccm.
650 _aRELIGION
942 _hQ6:3:(G:66), P1
_cTEXL
_2CC
999 _c273758
_d273758